=LDR 00000nam 2200000 4500 =001 INLIS000000000021741 =005 20201130083719 =035 ##$$a 0010-061300000021741 =008 201130################g##########0#ind## =041 ##$$a ind =082 ##$$a 327.11 =090 ##$$a 327.11, Ame a =245 ##$$a Amerika dan Dunia, memperdebatkan Bentuk Baru Politik Internasional =260 ##$$a Jakarta :$b Obor Indonesia,$c 2005 =300 ##$$a xiv, 455 hlm ; $c 21x14 cm =850 ##$$a NBPNMAT =020 ##$$a 979-461-542-0 =084 ##$$a 327.11 AME =250 ##$$a cet.1 =650 #4$$a Amerika-Politik internasional =700 #$$a Penerjemah, Yusi A. Pareanom, A Zaim Rofiqi =990 ##$$a 20616532 =990 ##$$a 20616535